| 000 | 01083nam a22002057a 4500 | ||
|---|---|---|---|
| 005 | 20110809145313.0 | ||
| 010 | _aB-425145-146 | ||
| 020 |
_a9788174453873 _c595.00 |
||
| 035 | _aB-425145-146 | ||
| 037 | _bResearchco Book Centre | ||
| 082 | _a070.5 | ||
| 100 |
_aFernandes, S. _932240 |
||
| 245 |
_aHistory and development of publishing in the modern world / _cS. Fernandes. |
||
| 260 |
_aNew Delhi _bMohit Publications _c2007. |
||
| 300 |
_aviii, 214 p. _c22 cm (Hb) |
||
| 942 |
_2ddc _cEN _h070.5 _mFER |
||
| 999 |
_c55095 _d55095 |
||